| 000 | 005200000a22001810004500 | ||
|---|---|---|---|
| 003 | MACL | ||
| 005 | 20160311164705.0 | ||
| 008 | 160311b xxu||||| |||| 00| 0 eng d | ||
| 040 |
_aMACL _cMACL |
||
| 041 | _aHindi | ||
| 082 | _a891.433 | ||
| 100 |
_aप्रकाश स्वय _944741 |
||
| 245 | _aजलते जहाज पर | ||
| 260 |
_bप्रकाशन संस्थान _c1982 _aनई दिल्ली |
||
| 350 | _a20 | ||
| 650 |
_aNovel _945096 |
||
| 942 |
_cHIN _k891.433 _2ddc |
||
| 999 |
_c27712 _d27712 |
||